[Event "Open"]
[Site "Tallinn, EE"]
[Date "2024.12.12"]
[Round "1.1"]
[White "Volodin, Aleksandr"]
[Black "Oim, Mikk Kaarel"]
[Result "1-0"]
[Board "1"]
[WhiteFideId "4501950"]
[BlackFideId "4514815"]
[WhiteTitle "GM"]
[WhiteElo "2466"]
[BlackElo "1937"]
[WhiteTeam "EST"]
[BlackTeam "EST"]
[WhiteClock "0:10:19"]
[BlackClock "0:01:33"]
[Variant "Standard"]

1. d4 {[%clk 1:30:57]}  Nf6 {[%clk 1:30:50]} 2. c4 {[%clk 1:31:22]}  g6 {[%clk 1:30:52]} 3. g3 {[%clk 1:31:48]}  Bg7 {[%clk 1:31:11]} 4. Bg2 {[%clk 1:32:13]}  O-O {[%clk 1:31:28]} 5. Nc3 {[%clk 1:32:30]}  d6 {[%clk 1:31:39]} 6. Nf3 {[%clk 1:32:52]}  Nbd7 {[%clk 1:31:33]} 7. O-O {[%clk 1:33:09]}  e5 {[%clk 1:31:28]} 8. b3 {[%clk 1:33:24]}  Re8 {[%clk 1:20:42]} 9. Qc2 {[%clk 1:33:42]}  c6 {[%clk 1:11:40]} 10. e4 {[%clk 1:17:46]}  Qc7 {[%clk 1:06:00]} 11. Bb2 {[%clk 1:16:56]}  a6 {[%clk 0:54:10]} 12. Rfd1 {[%clk 1:05:55]}  Rb8 {[%clk 0:49:04]} 13. Ba3 {[%clk 0:59:36]}  Bf8 {[%clk 0:47:23]} 14. Rac1 {[%clk 0:53:51]}  b6 {[%clk 0:36:48]} 15. Qd3 {[%clk 0:48:03]}  exd4 {[%clk 0:31:21]} 16. Nxd4 {[%clk 0:44:49]}  c5 {[%clk 0:30:31]} 17. Nde2 {[%clk 0:41:59]}  Ne5 {[%clk 0:28:48]} 18. Qd2 {[%clk 0:34:54]}  Bg4 {[%clk 0:23:14]} 19. Qf4 {[%clk 0:32:30]}  Bxe2 {[%clk 0:13:05]} 20. Nxe2 {[%clk 0:32:44]}  Bg7 {[%clk 0:10:38]} 21. Qd2 {[%clk 0:27:42]}  Rbd8 {[%clk 0:10:46]} 22. Bb2 {[%clk 0:26:49]}  Nc6 {[%clk 0:09:22]} 23. f3 {[%clk 0:21:34]}  b5 {[%clk 0:06:32]} 24. Nf4 {[%clk 0:20:34]}  Qb7 {[%clk 0:05:54]} 25. Kh1 {[%clk 0:13:06]}  b4 {[%clk 0:02:57]} 26. Rc2 {[%clk 0:12:43]}  Qb8 {[%clk 0:01:13]} 27. Ne2 {[%clk 0:10:28]}  Qc7 {[%clk 0:01:11]} 28. g4 {[%clk 0:08:19]}  Ne5 {[%clk 0:00:48]} 29. h3 {[%clk 0:08:15]}  Qe7 {[%clk 0:00:43]} 30. Qe1 {[%clk 0:05:21]}  Qc7 {[%clk 0:00:36]} 31. Rcd2 {[%clk 0:05:11]}  Re7 {[%clk 0:00:34]} 32. Nf4 {[%clk 0:03:50]}  Bh6 {[%clk 0:00:31]} 33. Qg3 {[%clk 0:04:11]}  Bxf4 {[%clk 0:00:32]} 34. Qxf4 {[%clk 0:04:36]}  Ne8 {[%clk 0:00:45]} 35. Qg3 {[%clk 0:03:15]}  Red7 {[%clk 0:00:42]} 36. h4 {[%clk 0:03:18]}  Ng7 {[%clk 0:00:35]} 37. Bh3 {[%clk 0:03:39]}  Ne6 {[%clk 0:00:33]} 38. g5 {[%clk 0:03:28]}  a5 {[%clk 0:00:32]} 39. f4 {[%clk 0:02:37]}  Nc6 {[%clk 0:00:43]} 40. f5 {[%clk 0:17:02]}  Ned4 {[%clk 0:15:37]} 41. fxg6 {[%clk 0:15:47]}  hxg6 {[%clk 0:12:40]} 42. Bxd7 {[%clk 0:15:48]}  Qxd7 {[%clk 0:12:59]} 43. Rf1 {[%clk 0:13:29]}  Qe6 {[%clk 0:11:52]} 44. Qg2 {[%clk 0:13:35]}  Re8 {[%clk 0:10:57]} 45. Rf4 {[%clk 0:12:21]}  Re7 {[%clk 0:07:46]} 46. Rdf2 {[%clk 0:12:37]}  Qe5 {[%clk 0:03:23]} 47. h5 {[%clk 0:11:33]}  gxh5 {[%clk 0:02:05]} 48. g6 {[%clk 0:11:59]}  f5 {[%clk 0:01:04]} 49. exf5 {[%clk 0:11:52]}  Qf6 {[%clk 0:01:33]} 50. Qxc6 {[%clk 0:10:19]} 1-0

[Event "Open"]
[Site "Tallinn, EE"]
[Date "2024.12.13"]
[Round "1.2"]
[White "Oim, Mikk Kaarel"]
[Black "Volodin, Aleksandr"]
[Result "0-1"]
[Board "1"]
[WhiteFideId "4514815"]
[BlackFideId "4501950"]
[BlackTitle "GM"]
[WhiteElo "1937"]
[BlackElo "2466"]
[WhiteTeam "EST"]
[BlackTeam "EST"]
[WhiteClock "0:11:41"]
[BlackClock "0:13:48"]
[Variant "Standard"]

1. e4 {[%clk 1:30:57]}  c5 {[%clk 1:30:56]} 2. Nf3 {[%clk 1:31:15]}  d6 {[%clk 1:31:21]} 3. d4 {[%clk 1:31:35]}  cxd4 {[%clk 1:31:47]} 4. Nxd4 {[%clk 1:31:55]}  Nf6 {[%clk 1:32:11]} 5. Nc3 {[%clk 1:32:11]}  a6 {[%clk 1:32:36]} 6. f4 {[%clk 1:32:27]}  e6 {[%clk 1:29:48]} 7. Qf3 {[%clk 1:31:59]}  Qc7 {[%clk 1:27:52]} 8. Bd3 {[%clk 1:25:25]}  Nc6 {[%clk 1:19:02]} 9. Nb3 {[%clk 1:22:33]}  b5 {[%clk 1:10:08]} 10. a3 {[%clk 1:18:40]}  Bb7 {[%clk 1:10:12]} 11. Be3 {[%clk 1:08:27]}  Be7 {[%clk 1:08:10]} 12. O-O {[%clk 1:01:45]}  O-O {[%clk 1:01:51]} 13. g4 {[%clk 0:46:20]}  d5 {[%clk 1:01:47]} 14. g5 {[%clk 0:39:21]}  dxe4 {[%clk 0:58:04]} 15. Nxe4 {[%clk 0:39:31]}  Nxe4 {[%clk 0:53:14]} 16. Bxe4 {[%clk 0:39:41]}  Nd8 {[%clk 0:52:37]} 17. f5 {[%clk 0:33:06]}  exf5 {[%clk 0:49:01]} 18. Qxf5 {[%clk 0:33:18]}  Bxe4 {[%clk 0:44:37]} 19. Qxe4 {[%clk 0:33:39]}  Ne6 {[%clk 0:43:33]} 20. Rf5 {[%clk 0:28:29]}  Rae8 {[%clk 0:41:02]} 21. Raf1 {[%clk 0:26:45]}  Bxg5 {[%clk 0:39:13]} 22. Bxg5 {[%clk 0:24:39]}  Nxg5 {[%clk 0:39:13]} 23. Qg2 {[%clk 0:25:00]}  h6 {[%clk 0:37:11]} 24. Kh1 {[%clk 0:22:51]}  Re6 {[%clk 0:33:35]} 25. Nc5 {[%clk 0:20:30]}  Rg6 {[%clk 0:31:56]} 26. Rg1 {[%clk 0:19:32]}  Re8 {[%clk 0:29:50]} 27. b4 {[%clk 0:17:13]}  Ne4 {[%clk 0:23:33]} 28. Qf3 {[%clk 0:16:41]}  Ng5 {[%clk 0:17:50]} 29. Qg2 {[%clk 0:16:20]}  Re3 {[%clk 0:15:30]} 30. Qd5 {[%clk 0:14:39]}  Re2 {[%clk 0:14:22]} 31. Rg2 {[%clk 0:11:42]}  Re1+ {[%clk 0:14:48]} 32. Rg1 {[%clk 0:12:02]}  Nf3 {[%clk 0:13:26]} 33. Qxf3 {[%clk 0:11:41]}  Rgxg1# {[%clk 0:13:48]} 0-1

[Event "Open"]
[Site "Tallinn, EE"]
[Date "2024.12.12"]
[Round "1.1"]
[White "Pedmanson, Albert"]
[Black "Narva, Mai"]
[Result "1-0"]
[Board "2"]
[WhiteFideId "4505778"]
[BlackFideId "4500512"]
[BlackTitle "IM"]
[WhiteElo "1979"]
[BlackElo "2413"]
[WhiteTeam "EST"]
[BlackTeam "EST"]
[WhiteClock "0:12:12"]
[BlackClock "0:13:35"]
[Variant "Standard"]

1. e4 {[%clk 1:30:46]}  e5 {[%clk 1:30:49]} 2. Nf3 {[%clk 1:30:32]}  Nc6 {[%clk 1:31:07]} 3. Bc4 {[%clk 1:30:47]}  Nf6 {[%clk 1:31:19]} 4. d3 {[%clk 1:31:00]}  Bc5 {[%clk 1:31:33]} 5. c3 {[%clk 1:30:56]}  d6 {[%clk 1:31:44]} 6. h3 {[%clk 1:29:25]}  a5 {[%clk 1:31:23]} 7. a4 {[%clk 1:29:14]}  h6 {[%clk 1:30:42]} 8. O-O {[%clk 1:29:23]}  O-O {[%clk 1:30:24]} 9. Re1 {[%clk 1:29:08]}  Be6 {[%clk 1:24:13]} 10. Nbd2 {[%clk 1:27:21]}  Ba7 {[%clk 1:22:25]} 11. Bb3 {[%clk 1:20:55]}  Qd7 {[%clk 1:19:30]} 12. Nf1 {[%clk 1:19:30]}  Rfe8 {[%clk 1:14:54]} 13. Be3 {[%clk 1:17:13]}  d5 {[%clk 1:07:50]} 14. Bxa7 {[%clk 1:10:03]}  Rxa7 {[%clk 1:08:13]} 15. Ng3 {[%clk 1:08:00]}  dxe4 {[%clk 0:55:44]} 16. Nxe4 {[%clk 0:50:00]}  Nxe4 {[%clk 0:50:09]} 17. Bxe6 {[%clk 0:48:54]}  Qxe6 {[%clk 0:46:25]} 18. Rxe4 {[%clk 0:37:58]}  Raa8 {[%clk 0:36:43]} 19. Qe2 {[%clk 0:29:58]}  f6 {[%clk 0:22:30]} 20. Nd4 {[%clk 0:25:15]}  Qd7 {[%clk 0:20:51]} 21. Nxc6 {[%clk 0:20:55]}  Qxc6 {[%clk 0:21:13]} 22. Re1 {[%clk 0:21:01]}  Red8 {[%clk 0:16:47]} 23. f4 {[%clk 0:19:55]}  exf4 {[%clk 0:15:55]} 24. Qh5 {[%clk 0:19:27]}  Kh8 {[%clk 0:05:40]} 25. Re7 {[%clk 0:12:57]}  Qd6 {[%clk 0:04:29]} 26. Qg6 {[%clk 0:05:33]}  Rg8 {[%clk 0:04:44]} 27. R1e6 {[%clk 0:05:44]}  Qd5 {[%clk 0:03:56]} 28. d4 {[%clk 0:03:48]}  Raf8 {[%clk 0:04:05]} 29. Qg4 {[%clk 0:03:23]}  c5 {[%clk 0:02:42]} 30. Qxf4 {[%clk 0:02:08]}  cxd4 {[%clk 0:02:44]} 31. Rd6 {[%clk 0:01:52]}  Qh5 {[%clk 0:01:01]} 32. Qxd4 {[%clk 0:01:10]}  Re8 {[%clk 0:01:05]} 33. Rxb7 {[%clk 0:00:46]}  Re1+ {[%clk 0:00:38]} 34. Kh2 {[%clk 0:01:13]}  Qg5 {[%clk 0:00:33]} 35. Rd8 {[%clk 0:00:51]}  f5 {[%clk 0:00:31]} 36. Rbb8 {[%clk 0:00:40]}  Rxd8 {[%clk 0:00:39]} 37. Qxd8+ {[%clk 0:00:55]}  Qxd8 {[%clk 0:00:54]} 38. Rxd8+ {[%clk 0:01:22]}  Kh7 {[%clk 0:01:20]} 39. Rd5 {[%clk 0:01:18]}  Rb1 {[%clk 0:01:32]} 40. Rxf5 {[%clk 0:16:19]}  Rxb2 {[%clk 0:16:56]} 41. Rxa5 {[%clk 0:16:47]}  Ra2 {[%clk 0:16:23]} 42. c4 {[%clk 0:17:06]}  Kg6 {[%clk 0:16:40]} 43. Kg3 {[%clk 0:16:40]}  Kf6 {[%clk 0:16:33]} 44. Kf3 {[%clk 0:16:00]}  Ke6 {[%clk 0:16:26]} 45. Ra7 {[%clk 0:15:08]}  g5 {[%clk 0:15:52]} 46. a5 {[%clk 0:13:23]}  h5 {[%clk 0:14:25]} 47. a6 {[%clk 0:12:32]}  Ke5 {[%clk 0:14:34]} 48. Ra8 {[%clk 0:11:52]}  Ra3+ {[%clk 0:14:29]} 49. Kf2 {[%clk 0:11:56]}  Ra2+ {[%clk 0:14:06]} 50. Kg3 {[%clk 0:12:11]}  Kd6 {[%clk 0:13:14]} 51. a7 {[%clk 0:11:55]}  Kc7 {[%clk 0:13:21]} 52. Rg8 {[%clk 0:12:03]}  Rxa7 {[%clk 0:13:35]} 53. Rg7+ {[%clk 0:12:12]} 1-0

[Event "Open"]
[Site "Tallinn, EE"]
[Date "2024.12.13"]
[Round "1.2"]
[White "Narva, Mai"]
[Black "Pedmanson, Albert"]
[Result "1-0"]
[Board "2"]
[WhiteFideId "4500512"]
[BlackFideId "4505778"]
[WhiteTitle "IM"]
[WhiteElo "2413"]
[BlackElo "1979"]
[WhiteTeam "EST"]
[BlackTeam "EST"]
[WhiteClock "0:35:35"]
[BlackClock "0:15:53"]
[Variant "Standard"]

1. e4 {[%clk 1:30:54]}  e5 {[%clk 1:30:45]} 2. Nf3 {[%clk 1:31:13]}  Nf6 {[%clk 1:30:59]} 3. Nxe5 {[%clk 1:29:51]}  d6 {[%clk 1:31:20]} 4. Nf3 {[%clk 1:30:13]}  Nxe4 {[%clk 1:31:42]} 5. Nc3 {[%clk 1:29:51]}  Nxc3 {[%clk 1:32:03]} 6. dxc3 {[%clk 1:30:16]}  Be7 {[%clk 1:32:10]} 7. Bf4 {[%clk 1:30:13]}  Nc6 {[%clk 1:29:38]} 8. Qd2 {[%clk 1:30:01]}  Be6 {[%clk 1:29:29]} 9. a3 {[%clk 1:27:59]}  Qd7 {[%clk 1:27:38]} 10. O-O-O {[%clk 1:24:41]}  a6 {[%clk 1:21:39]} 11. h3 {[%clk 1:23:55]}  O-O-O {[%clk 1:14:48]} 12. Ng5 {[%clk 1:16:44]}  Bxg5 {[%clk 1:12:11]} 13. Bxg5 {[%clk 1:17:07]}  f6 {[%clk 1:11:55]} 14. Be3 {[%clk 1:16:50]}  Ne7 {[%clk 0:58:34]} 15. f3 {[%clk 1:09:20]}  Qc6 {[%clk 0:56:05]} 16. b3 {[%clk 1:06:14]}  Rhe8 {[%clk 0:48:59]} 17. Kb2 {[%clk 1:03:43]}  Rd7 {[%clk 0:41:49]} 18. Be2 {[%clk 0:59:34]}  Nd5 {[%clk 0:31:18]} 19. Bg1 {[%clk 0:44:06]}  f5 {[%clk 0:26:52]} 20. Bd4 {[%clk 0:41:37]}  Rde7 {[%clk 0:22:25]} 21. Rhe1 {[%clk 0:38:51]}  g6 {[%clk 0:16:38]} 22. Bd3 {[%clk 0:34:30]}  Bf7 {[%clk 0:15:49]} 23. Rxe7 {[%clk 0:31:25]}  Rxe7 {[%clk 0:16:05]} 24. g4 {[%clk 0:31:29]}  f4 {[%clk 0:12:10]} 25. Be4 {[%clk 0:30:18]}  Qe8 {[%clk 0:12:11]} 26. c4 {[%clk 0:29:34]}  Ne3 {[%clk 0:10:46]} 27. Bxe3 {[%clk 0:29:45]}  fxe3 {[%clk 0:11:13]} 28. Qxe3 {[%clk 0:29:57]}  Kb8 {[%clk 0:10:46]} 29. Qc3 {[%clk 0:29:35]}  h5 {[%clk 0:08:57]} 30. a4 {[%clk 0:25:51]}  hxg4 {[%clk 0:07:38]} 31. hxg4 {[%clk 0:26:15]}  Re5 {[%clk 0:06:50]} 32. a5 {[%clk 0:24:07]}  g5 {[%clk 0:06:40]} 33. Qb4 {[%clk 0:23:46]}  Rxe4 {[%clk 0:06:46]} 34. fxe4 {[%clk 0:24:11]}  Qxe4 {[%clk 0:07:10]} 35. Qc3 {[%clk 0:22:35]}  Qxg4 {[%clk 0:05:44]} 36. Rf1 {[%clk 0:22:45]}  Be6 {[%clk 0:05:13]} 37. Rf8+ {[%clk 0:22:29]}  Bc8 {[%clk 0:05:07]} 38. Qe3 {[%clk 0:22:15]}  c6 {[%clk 0:01:19]} 39. Qe8 {[%clk 0:21:16]}  d5 {[%clk 0:00:45]} 40. cxd5 {[%clk 0:35:29]}  cxd5 {[%clk 0:15:53]} 41. Qe5+ {[%clk 0:35:35]} 1-0

[Event "Open"]
[Site "Tallinn, EE"]
[Date "2024.12.13"]
[Round "1.3"]
[White "Pedmanson, Albert"]
[Black "Narva, Mai"]
[Result "1-0"]
[Board "2"]
[WhiteFideId "4505778"]
[BlackFideId "4500512"]
[BlackTitle "IM"]
[WhiteElo "1979"]
[BlackElo "2413"]
[WhiteTeam "EST"]
[BlackTeam "EST"]
[WhiteClock "0:00:15"]
[BlackClock "0:00:08"]
[Variant "Standard"]

1. e4 {[%clk 0:15:05]}  e5 {[%clk 0:15:02]} 2. Nf3 {[%clk 0:15:06]}  Nc6 {[%clk 0:15:03]} 3. Bc4 {[%clk 0:15:08]}  Nf6 {[%clk 0:15:03]} 4. d3 {[%clk 0:15:08]}  Bc5 {[%clk 0:14:58]} 5. c3 {[%clk 0:15:10]}  d6 {[%clk 0:14:57]} 6. h3 {[%clk 0:15:04]}  a5 {[%clk 0:14:53]} 7. a4 {[%clk 0:15:06]}  h6 {[%clk 0:14:52]} 8. O-O {[%clk 0:15:08]}  g5 {[%clk 0:14:08]} 9. d4 {[%clk 0:14:26]}  Ba7 {[%clk 0:14:08]} 10. dxe5 {[%clk 0:13:23]}  Nxe5 {[%clk 0:14:07]} 11. Nxe5 {[%clk 0:12:59]}  dxe5 {[%clk 0:14:08]} 12. Qb3 {[%clk 0:11:12]}  O-O {[%clk 0:12:41]} 13. Be3 {[%clk 0:10:05]}  Bxe3 {[%clk 0:10:41]} 14. fxe3 {[%clk 0:10:07]}  Kg7 {[%clk 0:09:26]} 15. Qc2 {[%clk 0:07:41]}  Qe7 {[%clk 0:07:49]} 16. Nd2 {[%clk 0:07:27]}  Qc5 {[%clk 0:07:26]} 17. Kh2 {[%clk 0:04:34]}  g4 {[%clk 0:06:01]} 18. Qd3 {[%clk 0:04:11]}  Be6 {[%clk 0:04:47]} 19. Bxe6 {[%clk 0:02:50]}  fxe6 {[%clk 0:04:49]} 20. Qc4 {[%clk 0:01:59]}  Qxe3 {[%clk 0:04:03]} 21. Qxc7+ {[%clk 0:01:45]}  Rf7 {[%clk 0:03:57]} 22. Qd6 {[%clk 0:01:47]}  gxh3 {[%clk 0:02:31]} 23. Rae1 {[%clk 0:01:01]}  Ng4+ {[%clk 0:02:26]} 24. Kh1 {[%clk 0:00:44]}  hxg2+ {[%clk 0:01:42]} 25. Kxg2 {[%clk 0:00:46]}  Rf2+ {[%clk 0:01:28]} 26. Rxf2 {[%clk 0:00:48]}  Qxf2+ {[%clk 0:01:29]} 27. Kh3 {[%clk 0:00:51]}  Qxe1 {[%clk 0:00:37]} 28. Kxg4 {[%clk 0:00:51]}  Qe2+ {[%clk 0:00:19]} 29. Kg3 {[%clk 0:00:38]}  Rf8 {[%clk 0:00:14]} 30. Qxe5+ {[%clk 0:00:35]}  Kh7 {[%clk 0:00:15]} 31. Qd4 {[%clk 0:00:21]}  Qe1+ {[%clk 0:00:09]} 32. Kg2 {[%clk 0:00:17]}  Qe2+ {[%clk 0:00:09]} 33. Kg3 {[%clk 0:00:20]}  Rg8+ {[%clk 0:00:11]} 34. Kf4 {[%clk 0:00:22]}  Qh2+ {[%clk 0:00:12]} 35. Ke3 {[%clk 0:00:19]}  Rg3+ {[%clk 0:00:13]} 36. Nf3 {[%clk 0:00:18]}  Qh5 {[%clk 0:00:08]} 37. Qd7+ {[%clk 0:00:13]}  Rg7 {[%clk 0:00:10]} 38. Qxe6 {[%clk 0:00:10]}  Qg6 {[%clk 0:00:09]} 39. Qd5 {[%clk 0:00:06]}  Qb6+ {[%clk 0:00:09]} 40. Kf4 {[%clk 0:00:06]}  Re7 {[%clk 0:00:06]} 41. Qf5+ {[%clk 0:00:06]}  Qg6 {[%clk 0:00:07]} 42. Qd5 {[%clk 0:00:07]}  Qf7+ {[%clk 0:00:08]} 43. Qxf7+ {[%clk 0:00:08]}  Rxf7+ {[%clk 0:00:10]} 44. Ke3 {[%clk 0:00:11]}  h5 {[%clk 0:00:10]} 45. Ng5+ {[%clk 0:00:13]}  Kg6 {[%clk 0:00:11]} 46. Nxf7 {[%clk 0:00:15]}  Kxf7 {[%clk 0:00:13]} 47. b4 {[%clk 0:00:11]}  Ke6 {[%clk 0:00:10]} 48. b5 {[%clk 0:00:07]}  h4 {[%clk 0:00:08]} 49. c4 {[%clk 0:00:09]}  h3 {[%clk 0:00:10]} 50. Kf3 {[%clk 0:00:11]}  Ke5 {[%clk 0:00:11]} 51. c5 {[%clk 0:00:13]}  Ke6 {[%clk 0:00:07]} 52. Kg3 {[%clk 0:00:13]}  Ke5 {[%clk 0:00:08]} 53. Kxh3 {[%clk 0:00:15]} 1-0

[Event "Open"]
[Site "Tallinn, EE"]
[Date "2024.12.13"]
[Round "1.4"]
[White "Narva, Mai"]
[Black "Pedmanson, Albert"]
[Result "1-0"]
[Board "2"]
[WhiteFideId "4500512"]
[BlackFideId "4505778"]
[WhiteTitle "IM"]
[WhiteElo "2413"]
[BlackElo "1979"]
[WhiteTeam "EST"]
[BlackTeam "EST"]
[WhiteClock "0:04:54"]
[BlackClock "0:00:25"]
[Variant "Standard"]

1. e4 {[%clk 0:15:04]}  e5 {[%clk 0:15:06]} 2. Nf3 {[%clk 0:15:06]}  Nf6 {[%clk 0:15:08]} 3. Nxe5 {[%clk 0:15:08]}  d6 {[%clk 0:15:10]} 4. Nf3 {[%clk 0:15:10]}  Nxe4 {[%clk 0:15:12]} 5. Nc3 {[%clk 0:15:12]}  Nxc3 {[%clk 0:15:14]} 6. dxc3 {[%clk 0:15:13]}  Be7 {[%clk 0:15:12]} 7. Be3 {[%clk 0:15:15]}  Nc6 {[%clk 0:14:59]} 8. Qd2 {[%clk 0:15:16]}  Be6 {[%clk 0:15:00]} 9. Be2 {[%clk 0:15:17]}  h6 {[%clk 0:14:49]} 10. O-O-O {[%clk 0:14:55]}  Qd7 {[%clk 0:14:34]} 11. Kb1 {[%clk 0:14:53]}  Bf6 {[%clk 0:14:14]} 12. h3 {[%clk 0:13:41]}  a6 {[%clk 0:14:13]} 13. g4 {[%clk 0:13:28]}  O-O-O {[%clk 0:14:06]} 14. Rhe1 {[%clk 0:13:18]}  Ne5 {[%clk 0:12:58]} 15. Bd4 {[%clk 0:12:29]}  Bd5 {[%clk 0:11:57]} 16. Ng1 {[%clk 0:12:08]}  c5 {[%clk 0:10:12]} 17. Be3 {[%clk 0:08:52]}  Bc4 {[%clk 0:08:25]} 18. f4 {[%clk 0:08:29]}  Bxe2 {[%clk 0:08:26]} 19. Qxe2 {[%clk 0:08:01]}  Nc6 {[%clk 0:07:53]} 20. Bxc5 {[%clk 0:07:39]}  Rhe8 {[%clk 0:06:59]} 21. Qf2 {[%clk 0:07:13]}  Rxe1 {[%clk 0:06:38]} 22. Qxe1 {[%clk 0:07:14]}  Qc7 {[%clk 0:05:01]} 23. Be3 {[%clk 0:06:58]}  d5 {[%clk 0:04:07]} 24. Qf2 {[%clk 0:06:47]}  Qe7 {[%clk 0:03:20]} 25. Nf3 {[%clk 0:06:42]}  Qe4 {[%clk 0:02:53]} 26. Nd2 {[%clk 0:06:19]}  Qe6 {[%clk 0:02:18]} 27. Nb3 {[%clk 0:06:14]}  Re8 {[%clk 0:02:20]} 28. Rd3 {[%clk 0:05:17]}  d4 {[%clk 0:01:29]} 29. cxd4 {[%clk 0:05:12]}  Nxd4 {[%clk 0:00:48]} 30. Bxd4 {[%clk 0:05:01]}  Bxd4 {[%clk 0:00:25]} 31. Qxd4 {[%clk 0:04:54]} 1-0

[Event "Open"]
[Site "Tallinn, EE"]
[Date "2024.12.13"]
[Round "1.5"]
[White "Narva, Mai"]
[Black "Pedmanson, Albert"]
[Result "1-0"]
[Board "2"]
[WhiteFideId "4500512"]
[BlackFideId "4505778"]
[WhiteTitle "IM"]
[WhiteElo "2336"]
[BlackElo "1962"]
[WhiteTeam "EST"]
[BlackTeam "EST"]
[WhiteClock "0:00:06"]
[BlackClock "0:00:03"]
[Variant "Standard"]

1. e4 {[%clk 0:03:03]}  e5 {[%clk 0:03:03]} 2. Nf3 {[%clk 0:03:03]}  Nc6 {[%clk 0:03:03]} 3. Bb5 {[%clk 0:03:04]}  a6 {[%clk 0:03:06]} 4. Ba4 {[%clk 0:03:05]}  Nf6 {[%clk 0:03:07]} 5. Nc3 {[%clk 0:03:06]}  b5 {[%clk 0:02:08]} 6. Bb3 {[%clk 0:03:06]}  Be7 {[%clk 0:02:09]} 7. a4 {[%clk 0:03:04]}  b4 {[%clk 0:02:07]} 8. Nd5 {[%clk 0:03:04]}  O-O {[%clk 0:01:31]} 9. d4 {[%clk 0:03:03]}  Nxd4 {[%clk 0:01:12]} 10. Nxd4 {[%clk 0:03:03]}  exd4 {[%clk 0:01:13]} 11. Qxd4 {[%clk 0:03:02]}  Nxd5 {[%clk 0:01:05]} 12. Qxd5 {[%clk 0:02:54]}  c6 {[%clk 0:01:00]} 13. Qh5 {[%clk 0:02:07]}  Bb7 {[%clk 0:00:34]} 14. Be3 {[%clk 0:01:57]}  d5 {[%clk 0:00:35]} 15. exd5 {[%clk 0:01:39]}  cxd5 {[%clk 0:00:36]} 16. O-O-O {[%clk 0:01:16]}  Qc7 {[%clk 0:00:32]} 17. Bxd5 {[%clk 0:00:36]}  Bxd5 {[%clk 0:00:28]} 18. Qxd5 {[%clk 0:00:36]}  Rac8 {[%clk 0:00:26]} 19. Qb3 {[%clk 0:00:36]}  Qc6 {[%clk 0:00:19]} 20. f3 {[%clk 0:00:28]}  Bf6 {[%clk 0:00:08]} 21. Bd4 {[%clk 0:00:23]}  Bxd4 {[%clk 0:00:06]} 22. Rxd4 {[%clk 0:00:24]}  a5 {[%clk 0:00:07]} 23. Kb1 {[%clk 0:00:21]}  Rfd8 {[%clk 0:00:08]} 24. Rhd1 {[%clk 0:00:20]}  Rxd4 {[%clk 0:00:08]} 25. Rxd4 {[%clk 0:00:21]}  h6 {[%clk 0:00:06]} 26. Rd5 {[%clk 0:00:17]}  Qc7 {[%clk 0:00:07]} 27. g3 {[%clk 0:00:10]}  g6 {[%clk 0:00:05]} 28. Qd3 {[%clk 0:00:10]}  Kg7 {[%clk 0:00:04]} 29. Qd4+ {[%clk 0:00:10]}  Kg8 {[%clk 0:00:05]} 30. Qd3 {[%clk 0:00:11]}  Kg7 {[%clk 0:00:05]} 31. Rd7 {[%clk 0:00:11]}  Qc6 {[%clk 0:00:06]} 32. b3 {[%clk 0:00:07]}  Kg8 {[%clk 0:00:04]} 33. Rd4 {[%clk 0:00:07]}  Re8 {[%clk 0:00:04]} 34. Qc4 {[%clk 0:00:07]}  Qxf3 {[%clk 0:00:03]} 35. Rf4 {[%clk 0:00:05]}  Qd1+ {[%clk 0:00:03]} 36. Kb2 {[%clk 0:00:06]}  Qd7 {[%clk 0:00:04]} 37. Rf6 {[%clk 0:00:05]}  Kg7 {[%clk 0:00:05]} 38. Rf4 {[%clk 0:00:05]}  Rc8 {[%clk 0:00:06]} 39. Qd4+ {[%clk 0:00:06]}  Qxd4+ {[%clk 0:00:06]} 40. Rxd4 {[%clk 0:00:07]}  Rc5 {[%clk 0:00:07]} 41. Rc4 {[%clk 0:00:07]}  Rh5 {[%clk 0:00:08]} 42. h4 {[%clk 0:00:07]}  Rd5 {[%clk 0:00:08]} 43. c3 {[%clk 0:00:08]}  Rd2+ {[%clk 0:00:07]} 44. Kc1 {[%clk 0:00:09]}  Rg2 {[%clk 0:00:07]} 45. cxb4 {[%clk 0:00:10]}  Rxg3 {[%clk 0:00:07]} 46. Kb2 {[%clk 0:00:10]}  g5 {[%clk 0:00:06]} 47. hxg5 {[%clk 0:00:11]}  hxg5 {[%clk 0:00:06]} 48. bxa5 {[%clk 0:00:12]}  f5 {[%clk 0:00:04]} 49. a6 {[%clk 0:00:13]}  Rh3 {[%clk 0:00:03]} 50. Rc8 {[%clk 0:00:06]}  Rh6 {[%clk 0:00:03]} 51. a7 {[%clk 0:00:07]}  Ra6 {[%clk 0:00:03]} 52. a8=Q {[%clk 0:00:08]}  Rxa8 {[%clk 0:00:05]} 53. Rxa8 {[%clk 0:00:09]}  g4 {[%clk 0:00:07]} 54. Re8 {[%clk 0:00:06]}  g3 {[%clk 0:00:07]} 55. a5 {[%clk 0:00:07]}  f4 {[%clk 0:00:06]} 56. a6 {[%clk 0:00:07]}  g2 {[%clk 0:00:06]} 57. Re1 {[%clk 0:00:08]}  f3 {[%clk 0:00:07]} 58. a7 {[%clk 0:00:09]}  f2 {[%clk 0:00:09]} 59. Re7+ {[%clk 0:00:09]}  Kf8 {[%clk 0:00:04]} 60. a8=Q+ {[%clk 0:00:09]}  Kxe7 {[%clk 0:00:03]} 61. Qxg2 {[%clk 0:00:06]} 1-0

[Event "Open"]
[Site "Tallinn, EE"]
[Date "2024.12.13"]
[Round "1.6"]
[White "Pedmanson, Albert"]
[Black "Narva, Mai"]
[Result "0-1"]
[Board "2"]
[WhiteFideId "4505778"]
[BlackFideId "4500512"]
[BlackTitle "IM"]
[WhiteElo "1962"]
[BlackElo "2336"]
[WhiteTeam "EST"]
[BlackTeam "EST"]
[WhiteClock "0:00:01"]
[BlackClock "0:02:27"]
[Variant "Standard"]

1. e4 {[%clk 0:03:03]}  e5 {[%clk 0:03:03]} 2. Nf3 {[%clk 0:03:04]}  Nc6 {[%clk 0:03:04]} 3. Bc4 {[%clk 0:03:04]}  Nf6 {[%clk 0:03:04]} 4. d3 {[%clk 0:03:05]}  Bc5 {[%clk 0:03:05]} 5. c3 {[%clk 0:03:04]}  d6 {[%clk 0:03:05]} 6. h3 {[%clk 0:03:04]}  a5 {[%clk 0:03:05]} 7. a4 {[%clk 0:03:04]}  h6 {[%clk 0:03:07]} 8. O-O {[%clk 0:03:07]}  g5 {[%clk 0:03:07]} 9. d4 {[%clk 0:02:50]}  Ba7 {[%clk 0:03:08]} 10. dxe5 {[%clk 0:02:37]}  Nxe5 {[%clk 0:03:08]} 11. Nxe5 {[%clk 0:02:34]}  dxe5 {[%clk 0:03:09]} 12. Qb3 {[%clk 0:02:25]}  O-O {[%clk 0:03:08]} 13. Be3 {[%clk 0:02:21]}  Bxe3 {[%clk 0:03:08]} 14. fxe3 {[%clk 0:02:22]}  g4 {[%clk 0:03:08]} 15. h4 {[%clk 0:01:32]}  g3 {[%clk 0:03:04]} 16. Rf3 {[%clk 0:00:35]}  Kh8 {[%clk 0:03:02]} 17. Qc2 {[%clk 0:00:17]}  Ng4 {[%clk 0:02:54]} 18. Rxg3 {[%clk 0:00:11]}  Qxh4 {[%clk 0:02:54]} 19. Rh3 {[%clk 0:00:04]}  Qe1+ {[%clk 0:02:30]} 20. Bf1 {[%clk 0:00:06]}  Nxe3 {[%clk 0:02:27]} 21. Rxe3 {[%clk 0:00:01]} 0-1